Teatro y cultura en el Valladolid de la Ilustración (Record no. 23098)

MARC details
000 -LEADER
campo de control de longitud fija 00750nam a2200193 i 4500
001 - NÚMERO DE CONTROL
campo de control 23098
003 - IDENTIFICADOR DE NÚMERO DE CONTROL
campo de control ES-MaACL
005 - FECHA Y HORA DE LA ÚLTIMA TRANSACCIÓN
campo de control 20251012063037.0
008 - DATOS DE LONGITUD FIJA--INFORMACIÓN GENERAL
campo de control de longitud fija 021209s1974 sp f |||| | spa d
100 1# - ENTRADA PRINCIPAL--NOMBRE DE PERSONA
Nombre de persona Almuiña, Celso,
Fechas asociadas al nombre 1943-
9 (RLIN) 20165
245 10 - MENCIÓN DEL TÍTULO
Título Teatro y cultura en el Valladolid de la Ilustración
Resto del título : los medios de difusión en la segunda mitad del XVIII /
Mención de responsabilidad, etc. Celso Almuiña Fernández ; prólogo de L.M. Enciso Recio.
260 ## - PUBLICACIÓN, DISTRIBUCIÓN, ETC.
Lugar de publicación, distribución, etc. Valladolid :
Nombre del editor, distribuidor, etc. [Ayuntamiento de Valladolid],
Fecha de publicación, distribución, etc. 1974.
300 ## - DESCRIPCIÓN FÍSICA
Extensión XXXII, 245 p., 5 lám. ;
Dimensiones 25 cm.
650 #4 - PUNTO DE ACCESO ADICIONAL DE MATERIA--TÉRMINO DE MATERIA
Término de materia o nombre geográfico como elemento de entrada Teatro-
Subdivisión geográfica Valladolid.
9 (RLIN) 170849
700 1# - ENTRADA AGREGADA--NOMBRE PERSONAL
Nombre de persona Enciso Recio, Luis Miguel.
9 (RLIN) 47191
710 1# - ENTRADA AGREGADA--NOMBRE DE ENTIDAD CORPORATIVA
Nombre de entidad corporativa o nombre de jurisdicción como elemento de entrada Valladolid.
Unidad subordinada Ayuntamiento.
9 (RLIN) 7541
852 ## - LOCALIZACIÓN
Ubicación ES-MaACL
Número de control de estantería E-5834
Holdings
Estatus retirado Estado de pérdida Estado de daño No para préstamo Biblioteca de origen Biblioteca actual Ubicación en estantería Fecha de adquisición Fuente de adquisición Total de préstamos Signatura topográfica completa Código de barras Visto por última vez Precio de reemplazo Tipo de ítem Koha
        Biblioteca del Ateneo de Madrid Biblioteca del Ateneo de Madrid Depósito 2 17/01/2008     E-5834 1023798 23/02/2023 23/02/2023 Libro impreso